Reinforced concrete service life design (Record no. 105473)

MARC details
000 -LEADER
fixed length control field 01180cam a2200277 4500
001 - CONTROL NUMBER
control field ##L133774
008 - FIXED-LENGTH DATA ELEMENTS--GENERAL INFORMATION
fixed length control field 060609n2006 000 0 eng u
020 ## - INTERNATIONAL STANDARD BOOK NUMBER
International Standard Book Number 1860819087
035 ## - SYSTEM CONTROL NUMBER
System control number (Sirsi) u133774
041 0# - LANGUAGE CODE
Language code of text/sound track or separate title eng
050 04 - LIBRARY OF CONGRESS CALL NUMBER
Classification number 693.5 $2 18
100 1# - MAIN ENTRY--PERSONAL NAME
Personal name Nolan, É
245 00 - TITLE STATEMENT
Title Reinforced concrete service life design
Remainder of title service life forecasting and enhancement
260 ## - PUBLICATION, DISTRIBUTION, ETC.
Place of publication, distribution, etc. Watford
Name of publisher, distributor, etc. BRE
Date of publication, distribution, etc. 2006
300 ## - PHYSICAL DESCRIPTION
Extent 8p.
Other physical details ill.
Dimensions 30cm.
350 ## - PRICE (NR) (BK AM CF MU VM SE) [OBSOLETE]
Price 9 00
490 #0 - SERIES STATEMENT
Series statement BRE Information Paper
Volume/sequential designation IP 3/06 part 3
520 ## - SUMMARY, ETC.
Summary, etc. The BRE service life design system provides a systematic approach to assist a designer in meeting a client's requirements for a structure, in terms of service life and functionality. This paper describes the approach to service life design adopted in the BRE system. Part 1 gives an overview of the system, whilst part 2 focuses on optimising the durability design for a structure.
651 #4 - SUBJECT ADDED ENTRY--GEOGRAPHIC NAME
Geographic name United Kingdom
Chronological subdivision
690 ## - LOCAL SUBJECT ADDED ENTRY--TOPICAL TERM (OCLC, RLIN)
Topical term or geographic name as entry element BUILT ENVIRONMENT-BUILDING MATERIALS-CEMENTITIOUS, CONCRETE AND MINERAL BOUND MATERIALS-CONCRETE
700 1# - ADDED ENTRY--PERSONAL NAME
Personal name Quillin, K.
700 1# - ADDED ENTRY--PERSONAL NAME
Personal name Nixon, P.
700 1# - ADDED ENTRY--PERSONAL NAME
Personal name Sergi, G.
700 1# - ADDED ENTRY--PERSONAL NAME
Personal name Bamforth, P. B.
942 ## - ADDED ENTRY ELEMENTS (KOHA)
Suppress in OPAC 0
Holdings
Withdrawn status Lost status Source of classification or shelving scheme Damaged status Not for loan Home library Current library Shelving location Date acquired Total Checkouts Full call number Barcode Date last seen Copy number Price effective from Koha item type
    Dewey Decimal Classification     London London BRE publications 23/06/2006   ENQUIRY DESK 30073038 06/08/2019 1 06/08/2019 Book